000 00606nam a2200241 a 4500
001 0001-1254
003 ELIB.Books
008 150611 2010 eng
020 _a0800716167
035 _a(ELIB.Books)0001-1409
092 _a242.2
_bRic
100 _aRice, Helen Steiner.
245 _aDaily Stepping Stone
260 _aNew Jersey
_bFleming H. Revell Company
_c1989
300 _a96
_c21 Cm
500 _aC/o Moe Lwei
650 _aDevotional
856 _nKBTS: Library
_uKBTS: Elib
942 _2ddc
_cBK
990 _a1
998 _cbat
_e2015-06-11
999 _c11254
_d11254